| 000 | 00696nam a2200229Ia 4500 | ||
|---|---|---|---|
| 003 | GCL | ||
| 008 | 140319s9999 xx 000 0 ara d | ||
| 040 |
_aGCL / _cGCL |
||
| 082 | 0 | 4 |
_a321.14 _bع ا |
| 100 | 1 | _aعصمت سيف الدولة | |
| 245 | 1 | 0 |
_aالاستبداد الديمقراطى / _cعصمت سيف الدولة |
| 260 |
_a[S.N] : _bدار المستقبل العربى ، _c1990 |
||
| 300 | _a169 ص | ||
| 490 | _a | ||
| 650 | 0 | 4 | _aالثورات |
| 650 | 0 | 4 | _aالحقوق السياسية |
| 650 | 0 | 4 | _aالديمقراطية |
| 650 | 0 | 4 | _aالتاريخ |
| 650 | 0 | 4 | _aالمذاهب السياسية |
| 650 | 0 | 4 | _aالحقوق الدستورية |
| 942 |
_2ddc _cBK |
||
| 999 |
_c29704 _d29704 |
||